Kde obchodní zákoník nestačí. Pravidla platebního styku.

Prax ukazuje, že obchodný zákonník neupravuje dostatočne platobné vzťahy medzi klientami a bankou. Všeobecnosť a dispozitívnosť príslušných ustanovení umožňuje uplatňovať v rôznych bankách rôzne pravidlá pre operácie s bežnými účtami. Preto ŠBČS vypracovala Všeobecné obchodné podmienky, ktorými sa u...

Descrizione completa

Salvato in:
Dettagli Bibliografici
Autore principale: Žlebková, M.
Natura: Capitolo di libro
Lingua:ceco
Soggetti:
Tags: Aggiungi Tag
Nessun Tag, puoi essere il primo ad aggiungerne!!

MARC

LEADER 00000naa a2200000 4500
001 r009587
005 20220831083739.6
041 0 |a cze 
044 |a [CS] 
245 1 0 |a Kde obchodní zákoník nestačí.  |b Pravidla platebního styku.  |c M. Žlebková 
520 |a Prax ukazuje, že obchodný zákonník neupravuje dostatočne platobné vzťahy medzi klientami a bankou. Všeobecnosť a dispozitívnosť príslušných ustanovení umožňuje uplatňovať v rôznych bankách rôzne pravidlá pre operácie s bežnými účtami. Preto ŠBČS vypracovala Všeobecné obchodné podmienky, ktorými sa určujú zásady vedenia účtov klientov v bankách, uskutočňovanie platobného styku a zúčtovania, podmienky vydávania a prijímania šekov a operácie so zmenkami. 
610 2 0 |a styk platobný 
610 2 0 |a banky 
610 2 0 |a účty bankové 
610 2 0 |a zmenky 
610 2 0 |a zákonník obchodný 
610 2 0 |a ČSFR 
610 2 0 |a operácie bankové 
610 2 0 |a ŠBČS 
610 2 0 |a šeky 
100 1 |a Žlebková, M.